№№ 5-6, 7-8, 9-10, 11-12; Список членов Екатеринославского Отделения Императорского Русского Технического общества; Денежный отчет Екатеринославского Отделения Императорского Русского Технического Общества за 1912 г.; Записки Екатеринославского отделения Императорского Русского Технического Общества

Dades bibliogràfiques
Parent link:Записки Екатеринославского отделения Императорского Русского Технического Общества. №№ 5-6, 7-8, 9-10, 11-12.— , [1912]-1913
Autor corporatiu: Русское техническое общество (РТО)
Altres autors: Тихонов И. И. (редактор)
Sumari:Пять журналов в одном переплете, нумерация страниц раздельная
Текст в русской дореформенной орфографии
Idioma:rus
Publicat: 1913
Copublished:. Список членов Екатеринославского Отделения Императорского Русского Технического общества; . Денежный отчет Екатеринославского Отделения Императорского Русского Технического Общества за 1912 г.
Matèries:
Format: Llibre
KOHA link:https://koha.lib.tpu.ru/cgi-bin/koha/opac-detail.pl?biblionumber=342250

MARC

LEADER 00000nam0a2200000 4500
001 342250
005 20231102005431.0
035 |a (RuTPU)RU\TPU\book\370922 
035 |a RU\TPU\book\340396 
090 |a 342250 
100 |a 20190111d1912 m y0rusy50 ca 
101 0 |a rus 
102 |a RU 
105 |a a z 000zy 
200 0 |a №№ 5-6, 7-8, 9-10, 11-12  |f под ред. И. И. Тихонова  |f Русское техническое общество (РТО)  |f под ред. И. И. Тихонова 
210 |d 1913 
215 |a 514 с.  |c ил., черт., табл. 
300 |a Пять журналов в одном переплете, нумерация страниц раздельная 
300 |a Текст в русской дореформенной орфографии 
316 |5 63413507: М-132697  |a Владельческий штамп "Из книг инженера И. Н. Бутакова" 
317 |5 63413507: М-132697  |a Поступила в НТБ в 1970 г. в составе книжного собрания профессора ТПИ И. Н. Бутакова 
423 |t Список членов Екатеринославского Отделения Императорского Русского Технического общества 
423 |t Денежный отчет Екатеринославского Отделения Императорского Русского Технического Общества за 1912 г. 
461 |t Записки Екатеринославского отделения Императорского Русского Технического Общества  |v №№ 5-6, 7-8, 9-10, 11-12  |d [1912]-1913 
606 1 |a Конструкционные металлы (металлургия)  |2 stltpush  |3 (RuTPU)RU\TPU\subj\71526  |9 85402 
606 1 |a Железные дороги  |x Эксплуатация  |2 stltpush  |3 (RuTPU)RU\TPU\subj\10443  |9 37515 
610 1 |a библиотека И. Н. Бутакова 
610 1 |a расходы 
610 1 |a углеродистое железо 
610 1 |a стали 
610 1 |a мосты 
610 1 |a расчеты 
610 1 |a нагрузки 
610 1 |a реактивы 
610 1 |a химический анализ 
610 1 |a металлы 
610 1 |a съезды 
610 1 |a горное дело 
610 1 |a природоохранная деятельность 
610 1 |a водород 
610 1 |a марганцовистые стали 
610 1 |a стальные детали 
610 1 |a чугун 
610 1 |a железные дороги 
610 1 |a механика 
675 |a 669.018.29  |v 3 
675 |a 656.21  |v 3 
702 1 |a Тихонов  |b И. И.  |4 340 
712 0 2 |a Русское техническое общество (РТО)  |c (Санкт-Петербург)  |c (1866-1929)  |2 stltpush  |3 (RuTPU)RU\TPU\col\21894 
801 1 |a RU  |b 63413507  |c 20160220 
801 2 |a RU  |b 63413507  |c 20190802  |g RCR 
942 |c BK